Agro-economic potentials of the East Slovak Lowland agricultural soils
Na základe pedologického prieskumu a informačného systému o pôdach Slovenska za pomoci geografických informačných systémov boli stanovené potenciálne možné štrukturálne, produkčné i ekonomické parametre pôdnych predstaviteľov za Východoslovenskú nížinu, jej okresy a pôdno-ekologické regióny. Očakáva...
Enregistré dans:
| Auteur principal: | |
|---|---|
| Autres auteurs: | |
| Format: | Chapitre de livre |
| Langue: | anglais |
| Sujets: | |
| Tags: |
Pas de tags, Soyez le premier à ajouter un tag!
|
MARC
| LEADER | 00000naa$a2200000$$$4500 | ||
|---|---|---|---|
| 001 | 0007169 | ||
| 005 | 20231113140125.2 | ||
| 041 | 0 | |a eng | |
| 044 | |a CZ | ||
| 245 | 1 | 0 | |a Agro-economic potentials of the East Slovak Lowland agricultural soils |c aut. Jozef Vilček, Ondrej Hronec |
| 520 | |a Na základe pedologického prieskumu a informačného systému o pôdach Slovenska za pomoci geografických informačných systémov boli stanovené potenciálne možné štrukturálne, produkčné i ekonomické parametre pôdnych predstaviteľov za Východoslovenskú nížinu, jej okresy a pôdno-ekologické regióny. Očakávané naturálne i ekonomické výsledky v pestovaní plodín. | ||
| 610 | 2 | 0 | |a pôda poľnohospodárska |
| 610 | 2 | 0 | |a parametre ekonomické |
| 610 | 2 | 0 | |a plodiny poľnohospodárske |
| 610 | 2 | 0 | |a výnosy pôdy |
| 610 | 2 | 0 | |a výnosy hektárové |
| 610 | 2 | 0 | |a rentabilita |
| 610 | 2 | 0 | |a Východoslovenská nížina |
| 100 | 1 | |a Vilček, Jozef | |
| 700 | 1 | |a Hronec, Ondrej | |